[Event "Czech Open A 2013"]
[Site "Pardubice CZE"]
[Date "2013.07.25"]
[Round "7.40"]
[White "Kislik,E"]
[Black "Sochacki,C"]
[Result "1-0"]
[WhiteElo "2345"]
[BlackElo "2459"]
[EventDate "2013.07.19"]

1. d4 e6 2. c4 b6 3. e4 Bb7 4. Bd3 f5 5. exf5 Bb4+ 6. Kf1 Nf6 7. Bd2 Bxd2 8.
Nxd2 O-O 9. Ngf3 Nc6 10. Kg1 Nh5 11. fxe6 dxe6 12. Be4 Qf6 13. Qa4 Nd8 14. Re1
Nf4 15. g3 Nh3+ 16. Kg2 Ng5 17. Bxb7 Nxb7 18. Re3 Rad8 19. Rf1 Nd6 20. Nxg5 Qxg5
21. Nf3 Qh5 22. Qc6 Qg6 23. c5 Nf5 24. Qxe6+ Rf7 25. Re4 Qxe6 26. Rxe6 Nxd4 27.
Nxd4 Rxd4 28. cxb6 cxb6 29. Re8+ Rf8 30. Re2 Rc8 31. f4 Kf7 32. Rf3 Rc1 33. Rfe3
Rd7 34. Kh3 Rdc7 35. Re5 g6 36. Kg4 h6 37. R5e4 Ra1 38. b3 Rf1 39. Rd4 Rfc1 40.
Red2 Re7 41. Rd8 Rc5 42. Rh8 h5+ 43. Kh4 Kg7 44. Rhd8 Ra5 45. Rc2 Kf6 46. Rd6+
Re6 47. Rd7 Kf5 48. Rf7+ Rf6 49. Rg7 Rd6 50. Re2 Rf6 51. h3 Rf8 52. g4+ hxg4 53.
hxg4+ Kf6 54. Rge7 Rf7 55. R7e3 Rd5 56. Kg3 Kg7 57. Re7 a5 58. R2e6 Rb5 59. Re4
Rd5 60. R4e6 Rb5 61. Rxf7+ Kxf7 62. Rc6 a4 63. Rc7+ Kf8 64. Rc8+ Kf7 65. Rc7+
Kf8 66. bxa4 Rb2 67. Rc8+ Kf7 68. Rc7+ Ke6 69. Rg7 Kf6 70. Rb7 Rb4 71. g5+ Kf5
72. Rf7+ Ke4 73. Re7+ Kd5 74. Re5+ Kd4 75. Rb5 Rxa4 76. Rxb6 1-0

[Event "Czech Open A 2013"]
[Site "Pardubice CZE"]
[Date "2013.07.25"]
[Round "7.41"]
[White "Konguvel,P"]
[Black "Zorko,Ju"]
[Result "1/2-1/2"]
[WhiteElo "2319"]
[BlackElo "2459"]
[EventDate "2013.07.19"]

1. e4 e5 2. Nf3 Nc6 3. Bb5 Nf6 4. O-O Nxe4 5. d4 Nd6 6. Bxc6 dxc6 7. dxe5 Nf5 8.
Qxd8+ Kxd8 9. Nc3 Ke8 10. h3 Ne7 11. Re1 Ng6 12. a3 Be7 13. Be3 h5 14. Rad1 a6
15. Ne4 h4 16. Bg5 Bxg5 17. Nexg5 Ke7 18. Rd2 a5 19. Kh2 c5 20. g3 hxg3+ 21.
fxg3 Nf8 22. Nh4 Rh5 23. Ne4 Rxe5 24. Nf3 Re6 25. Nfg5 Re5 26. Nf3 Re6 27. Nfg5 1/2-1/2

[Event "Czech Open A 2013"]
[Site "Pardubice CZE"]
[Date "2013.07.25"]
[Round "7.42"]
[White "Matsenko,S"]
[Black "Gutenev,A"]
[Result "1/2-1/2"]
[WhiteElo "2458"]
[BlackElo "2350"]
[EventDate "2013.07.19"]

1. e4 c5 2. Nf3 Nc6 3. d4 cxd4 4. Nxd4 Nf6 5. Nc3 d6 6. Bg5 e6 7. Qd2 Be7 8.
O-O-O O-O 9. f4 Nxd4 10. Qxd4 Qa5 11. Bc4 Rd8 12. Kb1 Bd7 13. Bb3 Bc6 14. h4 Rd7
15. Rhf1 Re8 16. f5 Bd8 17. fxe6 fxe6 18. Rf5 Qb6 19. Qd3 Kh8 20. Rf3 h6 21.
Rdf1 Qc5 22. Be3 Qh5 23. Rf4 Qg6 24. Qe2 h5 25. a3 Kh7 26. Bg1 a6 27. g3 Ng4 28.
Nd1 Bf6 29. c3 Be5 30. Bc2 Kg8 31. R4f3 Ree7 32. Nf2 Nxf2 33. Qxf2 Bxe4 34. Bxe4
Qxe4+ 35. Ka1 Qg6 36. Rf8+ Kh7 37. Rf3 Bf6 38. Qe2 Kg8 39. Bb6 Qg4 40. Qc2 Rf7
41. Qg2 Qg6 42. Be3 Be5 43. Bf4 Bxf4 44. Rxf4 Rxf4 45. Rxf4 Rf7 46. Rb4 d5 47.
Ka2 Qd3 48. g4 a5 49. Rd4 Qf3 50. Qxf3 Rxf3 51. gxh5 Re3 52. Kb3 Re2 53. c4 Re3+
54. Kc2 dxc4 55. Rxc4 Re5 56. b4 axb4 57. Rxb4 b5 58. Kd3 Rxh5 59. Ke3 Rf5 60.
a4 bxa4 61. Rxa4 Kf7 62. Rg4 g6 63. Ra4 Kg7 64. Ra6 e5 65. Ra4 Kh6 66. Ra8 Rf7
67. Rh8+ Kg7 68. Re8 Rf5 69. Ke4 Rf4+ 70. Ke3 Rf5 71. Ke4 Kf6 72. Rf8+ Ke6 73.
Re8+ Kd6 74. Rg8 Rf4+ 75. Ke3 Rf6 76. Ke4 Rf4+ 77. Ke3 Rg4 78. Kf3 Rxh4 79.
Rxg6+ Kd5 80. Ra6 Rh3+ 81. Ke2 Ke4 82. Ra4+ Kf5 83. Rb4 Ra3 84. Rc4 e4 85. Rc8 1/2-1/2

[Event "Czech Open A 2013"]
[Site "Pardubice CZE"]
[Date "2013.07.25"]
[Round "7.44"]
[White "Jansa,Vl"]
[Black "Stromboli,C"]
[Result "1-0"]
[WhiteElo "2442"]
[BlackElo "2326"]
[EventDate "2013.07.19"]

1. e4 e5 2. Nf3 Nc6 3. Bb5 a6 4. Ba4 Nf6 5. O-O b5 6. Bb3 Bc5 7. a4 Bb7 8. d3
O-O 9. Nc3 b4 10. Nd5 Na5 11. Bg5 Nxb3 12. Bxf6 gxf6 13. cxb3 Bxd5 14. exd5 f5
15. Nxe5 Bd4 16. Nc4 Qf6 17. Qf3 d6 18. Rac1 Rac8 19. Ne3 f4 20. Ng4 Qg5 21. Rc4
f5 22. Nh6+ Qxh6 23. Rxd4 a5 24. Rxf4 Qf6 25. d4 Rce8 26. h3 Rf7 27. Rd1 Qg5 28.
Rd3 Re1+ 29. Kh2 Rb1 30. h4 Qh6 31. g3 1-0

[Event "Czech Open A 2013"]
[Site "Pardubice CZE"]
[Date "2013.07.25"]
[Round "7.51"]
[White "Cerveny,P"]
[Black "Harika,D"]
[Result "1/2-1/2"]
[WhiteElo "2285"]
[BlackElo "2489"]
[EventDate "2013.07.19"]

1. e4 e6 2. d4 d5 3. Nc3 Bb4 4. exd5 exd5 5. Bd3 c6 6. Ne2 Ne7 7. Ng3 O-O 8. O-O
Nd7 9. Re1 f5 10. Bg5 Nf6 11. Qe2 Ne4 12. Bxe7 Bxe7 13. f3 Bf6 14. fxe4 Bxd4+
15. Kh1 Bxc3 16. bxc3 fxe4 17. Nxe4 dxe4 18. Bxe4 Qh4 19. g3 Qg4 20. Qxg4 Bxg4
21. Kg1 Rad8 22. Bd3 Rd7 23. Re5 g6 24. Rae1 Kg7 25. c4 Bf5 26. R1e3 Bh3 27.
Re7+ Rf7 28. Rxd7 Bxd7 29. c5 Bf5 30. Bxf5 Rxf5 31. Re8 Rxc5 32. Re7+ Kf6 33.
Rxb7 Rxc2 34. Rxh7 Rxa2 35. Rc7 Rc2 36. Rxa7 c5 37. Ra6+ Kf5 38. g4+ Kxg4 39.
Rxg6+ Kf3 40. h4 Rd2 41. h5 Rd5 42. h6 Rh5 43. Rc6 Ke3 44. h7 Kd4 45. Rc7 c4 46.
Kf2 Kd3 47. Kg3 c3 48. Kg4 Rh1 49. Kg5 c2 50. Kg6 Rg1+ 51. Kf7 1/2-1/2

[Event "Czech Open A 2013"]
[Site "Pardubice CZE"]
[Date "2013.07.25"]
[Round "7.77"]
[White "Farkas,Ga1"]
[Black "Grabinsky,V"]
[Result "1/2-1/2"]
[WhiteElo "2359"]
[BlackElo "2258"]
[EventDate "2013.07.19"]

1. d4 d5 2. c4 e6 3. Nf3 Nf6 4. g3 dxc4 5. Bg2 Nc6 6. Qa4 Bb4+ 7. Bd2 Nd5 8.
Bxb4 Nxb4 9. Ne5 Qxd4 10. Nxc6 Nxc6 11. Bxc6+ bxc6 12. Qxc6+ Ke7 13. Qxa8 Qxb2
14. O-O Qxa1 15. Qxa7 Qe5 16. Nd2 Qd5 17. Qa3+ c5 18. Qc3 Bb7 19. Nf3 f6 20. Qc2
Qe4 21. Qb2 Rd8 22. Rc1 g5 23. h3 h5 24. Kh2 g4 25. Nh4 Rd7 26. Qb5 Bc6 27.
Qxc5+ Kd8 28. Qxh5 c3 29. Qa5+ Ke7 30. Qxc3 Rd6 31. Qc2 Qxc2 32. Rxc2 Be4 33.
Rb2 Rd1 34. f3 gxf3 35. exf3 Bd5 36. g4 Ra1 37. Kg3 Rxa2 38. Rb1 Ra3 39. Rf1 Kf7
40. Rd1 Rc3 41. Ra1 e5 42. Rf1 e4 43. Kf4 exf3 44. Rf2 Rc4+ 45. Ke3 Rb4 46. Nxf3
Re4+ 47. Kd3 Rf4 48. Ke2 Re4+ 49. Kf1 Rf4 50. Nd2 Rxf2+ 51. Kxf2 Kg6 52. h4 f5
53. g5 f4 54. Nf3 Kh5 55. Ke2 1/2-1/2

[Event "Czech Open A 2013"]
[Site "Pardubice CZE"]
[Date "2013.07.26"]
[Round "8.1"]
[White "Michalik,P"]
[Black "Nisipeanu,LD"]
[Result "0-1"]
[WhiteElo "2579"]
[BlackElo "2670"]
[EventDate "2013.07.19"]

1. d4 Nf6 2. c4 e6 3. Nc3 Bb4 4. Nf3 b6 5. e3 Bb7 6. Bd3 O-O 7. O-O c5 8. Na4
cxd4 9. exd4 Re8 10. a3 Bf8 11. b4 a5 12. b5 d6 13. Be3 Nbd7 14. Nd2 Rc8 15. Nb3
e5 16. d5 Nc5 17. Nbxc5 dxc5 18. Nc3 h6 19. Qd2 e4 20. Bc2 Bd6 21. Bf4 Rc7 22.
Rae1 Rce7 23. h3 Bc8 24. Bxd6 Qxd6 25. Re3 Qf4 26. Rfe1 Bf5 27. Ne2 Qd6 28. Ng3
Bg6 29. R1e2 Qf4 30. Qe1 Re5 31. d6 R5e6 32. Nxe4 Bxe4 33. Rxe4 Nxe4 34. d7 Rd8
35. Bxe4 Rxd7 36. Bd5 Rxe2 37. Qxe2 Kf8 38. g3 Qf6 39. Qg4 Rd8 40. h4 g6 41. Kg2
h5 42. Qe2 Re8 43. Qd2 Kg7 44. a4 Qd4 45. Qc2 Re1 46. Qb3 Ra1 47. Qf3 Qf6 48.
Qb3 Rc1 49. Qd3 Rc3 50. Qe2 Rb3 0-1

[Event "Czech Open A 2013"]
[Site "Pardubice CZE"]
[Date "2013.07.26"]
[Round "8.2"]
[White "Laznicka,V"]
[Black "Dourerassou,J"]
[Result "1/2-1/2"]
[WhiteElo "2684"]
[BlackElo "2476"]
[EventDate "2013.07.19"]

1. d4 Nf6 2. c4 g6 3. Nc3 d5 4. Nf3 Bg7 5. Qa4+ Bd7 6. Qb3 dxc4 7. Qxc4 O-O 8.
Bf4 Na6 9. e4 c5 10. e5 Ne8 11. Rd1 Qa5 12. dxc5 Be6 13. Qb5 Qxb5 14. Bxb5 Nec7
15. Be2 Nxc5 16. O-O Rfd8 17. Rxd8+ Rxd8 18. Rc1 Bf5 19. Be3 N7e6 20. Nb5 Bd3
21. Kf1 1/2-1/2

[Event "Czech Open A 2013"]
[Site "Pardubice CZE"]
[Date "2013.07.26"]
[Round "8.3"]
[White "Stukopin,A"]
[Black "Oleksienko,M"]
[Result "0-1"]
[WhiteElo "2517"]
[BlackElo "2568"]
[EventDate "2013.07.19"]

1. Nf3 c5 2. e4 e6 3. d4 cxd4 4. Nxd4 a6 5. Be2 Nf6 6. Nc3 Qc7 7. O-O d6 8. a4
Nc6 9. Be3 Be7 10. f4 O-O 11. Kh1 Re8 12. Bf3 Rb8 13. g4 d5 14. exd5 Nxd5 15.
Nxd5 exd5 16. Qd2 Bd7 17. c3 Rbd8 18. b4 Bd6 19. Qf2 Rxe3 20. Qxe3 Bxf4 21. Qf2
Nxd4 22. cxd4 g5 23. Bxd5 Bxg4 24. Be4 Qc3 25. Bf3 Bxf3+ 26. Qxf3 Qxf3+ 27. Rxf3
Rxd4 28. b5 axb5 29. axb5 Rb4 30. Raa3 Rb1+ 31. Kg2 Rb2+ 32. Kf1 Rxh2 33. Ra7 b6
34. Rb7 Rh6 35. Rc3 Kg7 36. Rc6 Rh1+ 37. Kg2 Rh2+ 38. Kf3 h5 39. Rcxb6 Rh3+ 40.
Kg2 Rb3 41. Re6 Rxb5 42. Rxb5 fxe6 43. Kf3 Kg6 44. Ke4 h4 45. Kf3 h3 46. Rb7 h2
47. Kg2 e5 48. Rb4 Kf5 49. Rb5 Ke6 50. Rb8 e4 51. Rb5 e3 52. Rb2 Kd5 53. Ra2 Kc4
54. Kh1 Kd3 55. Ra3+ Ke2 56. Ra2+ Kf3 57. Rf2+ Ke4 58. Ra2 Be5 59. Rg2 Kd4 0-1

[Event "Czech Open A 2013"]
[Site "Pardubice CZE"]
[Date "2013.07.26"]
[Round "8.4"]
[White "Petr,Ma"]
[Black "Yagupov,I"]
[Result "1-0"]
[WhiteElo "2523"]
[BlackElo "2389"]
[EventDate "2013.07.19"]

1. e4 c5 2. Nf3 e6 3. d4 cxd4 4. Nxd4 Nc6 5. Nc3 Qc7 6. Be2 a6 7. O-O Nf6 8. Be3
Bb4 9. Na4 Be7 10. c4 O-O 11. Nxc6 bxc6 12. Qc2 c5 13. Rab1 Bb7 14. Nc3 d6 15.
a3 Nd7 16. b4 cxb4 17. axb4 a5 18. b5 Nb6 19. Rfc1 Rfc8 20. Bd3 g6 21. Na4 Nd7
22. f3 Qd8 23. Qf2 Nc5 24. Bc2 Bg5 25. f4 Bh4 26. g3 Be7 27. Nxc5 dxc5 28. Rd1
Qc7 29. f5 exf5 30. exf5 Rd8 31. Rf1 Bf8 32. Bf4 Qe7 33. Rbe1 Qf6 34. Be5 Qe7
35. fxg6 fxg6 36. Bc3 Qd7 37. Qf6 Bg7 38. Qxg7+ Qxg7 39. Bxg7 Rd2 40. Rf2 Rxf2
41. Kxf2 1-0

[Event "Czech Open A 2013"]
[Site "Pardubice CZE"]
[Date "2013.07.26"]
[Round "8.5"]
[White "Gonda,L"]
[Black "Chernyshov,K"]
[Result "1/2-1/2"]
[WhiteElo "2538"]
[BlackElo "2514"]
[EventDate "2013.07.19"]

1. d4 d6 2. g3 e5 3. dxe5 dxe5 4. Qxd8+ Kxd8 5. Nc3 Be6 6. f4 Nd7 7. Nf3 exf4 8.
Bxf4 Bb4 9. Ng5 Ngf6 10. Nxe6+ fxe6 11. Bd2 Ke7 12. Bg2 c6 13. a3 Bd6 14. Ne4
Nxe4 15. Bxe4 Nf6 16. Bf3 Rhd8 17. Ba5 Rd7 18. O-O-O Bc5 19. Rd3 Bb6 20. Bb4+
Ke8 21. Rf1 Rxd3 22. exd3 Kd7 23. Bc3 Re8 24. Be5 Bc7 25. d4 Bd6 26. Kd2 Ke7 27.
Re1 Bxe5 28. Rxe5 Nd7 29. Re3 Kd6 30. c4 b6 31. b4 c5 32. dxc5+ bxc5 33. Kc3 Rc8
34. Rd3+ Ke7 35. Re3 Kd6 36. Rd3+ Ke7 37. Re3 1/2-1/2

[Event "Czech Open A 2013"]
[Site "Pardubice CZE"]
[Date "2013.07.26"]
[Round "8.6"]
[White "Kononenko,Dmitry1"]
[Black "Neverov,V"]
[Result "1-0"]
[WhiteElo "2610"]
[BlackElo "2492"]
[EventDate "2013.07.19"]

1. e4 c5 2. Nf3 Nc6 3. d4 cxd4 4. Nxd4 Qb6 5. Nb3 Nf6 6. Nc3 e6 7. Qe2 Bb4 8.
Bd2 O-O 9. a3 Bxc3 10. Bxc3 e5 11. O-O-O Rd8 12. Rd6 Qc7 13. Rxf6 gxf6 14. Qg4+
Kh8 15. Qh4 Qd6 16. f4 Qe7 17. Bb5 Re8 18. Rd1 d6 19. Na5 Bd7 20. Nxb7 Nd4 21.
Rxd4 Bxb5 22. Nxd6 exd4 23. Bxd4 Qxd6 24. Bxf6+ Qxf6 25. Qxf6+ Kg8 26. Qg5+ Kf8
27. Qxb5 Rxe4 28. Qc5+ Kg8 29. b4 Re2 30. Kb2 a6 31. Qc6 Rd8 32. Qxa6 Rxg2 33.
h3 Rh2 34. Qf6 1-0

[Event "Czech Open A 2013"]
[Site "Pardubice CZE"]
[Date "2013.07.26"]
[Round "8.7"]
[White "Mozharov,M"]
[Black "Schlosser,P"]
[Result "1/2-1/2"]
[WhiteElo "2495"]
[BlackElo "2602"]
[EventDate "2013.07.19"]

1. d4 Nf6 2. c4 e6 3. Nf3 b6 4. g3 Ba6 5. b3 Bb4+ 6. Bd2 Be7 7. Nc3 d5 8. cxd5
exd5 9. Bg2 O-O 10. O-O Bb7 11. Bc1 Re8 12. Bb2 Nbd7 13. Rc1 Bf8 14. Nd2 Rc8 15.
Re1 c5 16. Nf3 a6 17. dxc5 bxc5 18. e3 Rc7 19. Ne2 a5 20. Nf4 Qa8 21. Nd4 Rcc8
22. Nf3 a4 23. Nd2 Bc6 24. Nh5 Nxh5 25. Qxh5 axb3 26. axb3 Qb7 27. Qd1 Ne5 28.
Qc2 d4 29. exd4 Bxg2 30. dxe5 Rb8 1/2-1/2

[Event "Czech Open A 2013"]
[Site "Pardubice CZE"]
[Date "2013.07.26"]
[Round "8.8"]
[White "Shyam,SM"]
[Black "Babula,V"]
[Result "1-0"]
[WhiteElo "2505"]
[BlackElo "2583"]
[EventDate "2013.07.19"]

1. c4 c5 2. Nc3 Nf6 3. g3 d5 4. cxd5 Nxd5 5. Bg2 Nc7 6. Nf3 Nc6 7. O-O e5 8. a3
Rb8 9. Rb1 f6 10. d3 Be6 11. Be3 Qd7 12. Nd2 Nd5 13. Nxd5 Bxd5 14. Bxd5 Qxd5 15.
Qa4 Be7 16. Rfc1 Kf7 17. Ne4 b6 18. b4 f5 19. bxc5 fxe4 20. dxe4 Qd7 21. cxb6
Rhc8 22. bxa7 Ra8 23. Rb6 1-0

[Event "Czech Open A 2013"]
[Site "Pardubice CZE"]
[Date "2013.07.26"]
[Round "8.9"]
[White "Gutman,G"]
[Black "Lalith,B"]
[Result "0-1"]
[WhiteElo "2477"]
[BlackElo "2571"]
[EventDate "2013.07.19"]

1. d4 Nf6 2. Nf3 e6 3. c4 Nc6 4. g3 d5 5. Bg2 Bb4+ 6. Bd2 Bd6 7. O-O O-O 8. Qb3
Re8 9. cxd5 exd5 10. Nc3 Bg4 11. Bg5 Bxf3 12. exf3 Nxd4 13. Qxb7 c6 14. Rad1 Bc5
15. Na4 Qa5 16. Nxc5 Qxc5 17. Kh1 Rab8 18. Qa6 Rxb2 19. Be3 Qb5 20. Qxa7 Ne6 21.
f4 Rb4 22. f5 Ra4 23. Qb6 Qxb6 24. Bxb6 Nf8 25. Rc1 N8d7 26. Be3 Ne5 27. Rc2 Nc4
28. Bf4 Nh5 29. Bc1 Rea8 30. Re1 Nf6 31. a3 Re8 32. Rd1 Ne4 33. Bf1 Ned6 34. Bd3
f6 35. Kg2 Kf7 36. h4 Ke7 37. Rc3 Kd7 38. Bc2 Ra5 39. a4 Nb6 40. Rd4 c5 41. Rg4
Re7 42. Re3 Rf7 43. Re6 Nbc4 44. Rf4 Ra8 45. Rf3 Re7 46. Rxe7+ Kxe7 47. Rd3 d4
48. Rd1 Kd7 49. g4 Nb6 50. Ba3 Kc6 51. Re1 Nxa4 52. Re7 Nb6 53. Bc1 Ra1 54. Bf4
Nd5 55. Bxd6 Kxd6 56. Rxg7 c4 57. Be4 d3 58. Rg8 Ke5 59. Re8+ Kd4 60. Bxd5 Kxd5
61. g5 fxg5 62. f6 Ra7 63. Re7 Ra8 64. hxg5 c3 65. f7 Rf8 66. Rd7+ Ke4 0-1

[Event "Czech Open A 2013"]
[Site "Pardubice CZE"]
[Date "2013.07.26"]
[Round "8.10"]
[White "Idani,P"]
[Black "Mirzoev,A"]
[Result "0-1"]
[WhiteElo "2476"]
[BlackElo "2536"]
[EventDate "2013.07.19"]

1. e4 c6 2. Nc3 d5 3. d4 g6 4. Bf4 Bg7 5. Nf3 Bg4 6. h3 Bxf3 7. Qxf3 dxe4 8.
Nxe4 Qxd4 9. c3 Qa4 10. Rd1 Nf6 11. Nc5 Qxa2 12. Bxb8 Rxb8 13. Qf4 O-O 14. Bc4
e5 15. Bxa2 exf4 16. O-O Rfe8 17. Rfe1 Rxe1+ 18. Rxe1 Bf8 19. Ne4 Nxe4 20. Rxe4
Bd6 21. Kf1 Kf8 22. Rd4 Rd8 23. b4 f5 24. c4 Ke7 25. c5 Be5 26. Rxd8 Kxd8 27.
Bg8 h6 28. Bh7 g5 29. Ke2 Bc3 30. Kd3 Bxb4 31. Kc4 Be1 32. f3 Bf2 33. Bxf5 Kc7
34. Be4 b6 35. cxb6+ axb6 36. Kb4 Bc5+ 37. Kc4 Kd6 0-1

[Event "Czech Open A 2013"]
[Site "Pardubice CZE"]
[Date "2013.07.26"]
[Round "8.11"]
[White "Jaracz,P"]
[Black "Plat,V"]
[Result "1/2-1/2"]
[WhiteElo "2531"]
[BlackElo "2447"]
[EventDate "2013.07.19"]

1. Nf3 c5 2. c4 Nc6 3. d4 cxd4 4. Nxd4 g6 5. e4 Bg7 6. Be3 Nf6 7. Nc3 Ng4 8.
Qxg4 Nxd4 9. Qd1 e5 10. Bd3 O-O 11. O-O d6 12. Qd2 Be6 13. Ne2 Nxe2+ 14. Bxe2 f5
15. Bg5 Qd7 16. Rad1 Rac8 17. b3 Rc6 18. exf5 gxf5 19. Bh6 Rf6 20. Bxg7 Qxg7 21.
f4 e4 22. Qe3 b6 23. Rd2 Bf7 24. Rfd1 h5 25. Qh3 Kf8 26. Qh4 Qh6 27. a4 Rc8 28.
Rd4 Re8 29. Qg5 Rd8 30. Qh4 1/2-1/2

[Event "Czech Open A 2013"]
[Site "Pardubice CZE"]
[Date "2013.07.26"]
[Round "8.12"]
[White "Simantsev,M"]
[Black "Rozum,I"]
[Result "1-0"]
[WhiteElo "2473"]
[BlackElo "2527"]
[EventDate "2013.07.19"]

1. d4 Nf6 2. c4 e6 3. Nf3 c5 4. d5 exd5 5. cxd5 d6 6. Nc3 a6 7. a4 g6 8. Bf4 Bg7
9. h3 O-O 10. e3 Qe7 11. Be2 Nbd7 12. O-O Rb8 13. Nd2 Ne5 14. a5 Ne8 15. Qb3 f5
16. Bxa6 g5 17. Bh2 f4 18. Be2 Ng6 19. Nce4 Kh8 20. Rfe1 fxe3 21. fxe3 Bf5 22.
Ng3 Bd7 23. Rf1 Nf6 24. Rad1 g4 25. hxg4 Nxg4 26. Bxg4 Bxg4 27. Rxf8+ Rxf8 28.
Rf1 Rxf1+ 29. Ngxf1 Ne5 30. a6 bxa6 31. Qb8+ Qf8 32. Qxf8+ Bxf8 33. Bxe5+ dxe5
34. Nc4 Bg7 35. Kf2 Kg8 36. Nfd2 Bd1 37. Ne4 Bb3 38. d6 Kf7 39. d7 Ke7 40. Nb6
Be6 41. Nxc5 Bg4 42. Kg3 h5 43. Nxa6 e4 44. Kf4 Kd8 45. Nc5 Kc7 46. b4 1-0

[Event "Czech Open A 2013"]
[Site "Pardubice CZE"]
[Date "2013.07.26"]
[Round "8.13"]
[White "Belyakov,B"]
[Black "Stefansson,H"]
[Result "1-0"]
[WhiteElo "2430"]
[BlackElo "2522"]
[EventDate "2013.07.19"]

1. e4 e5 2. Nf3 Nc6 3. Bb5 a6 4. Bxc6 dxc6 5. O-O Qd6 6. d4 exd4 7. Qxd4 Bg4 8.
Qe3 Ne7 9. h3 Bd7 10. Nc3 Ng6 11. b4 Be7 12. Rb1 Rd8 13. Rd1 Qe6 14. Ng5 Bxg5
15. Qxg5 O-O 16. Be3 f6 17. Qg3 Rc8 18. a4 Qf7 19. a5 f5 20. exf5 Bxf5 21. Rdc1
Qc4 22. Na4 Rf6 23. Nc5 Ne7 24. Bg5 Rg6 25. Qh4 Qxh4 26. Bxh4 Nd5 27. Kh2 b6 28.
axb6 cxb6 29. Nxa6 Ra8 30. Ra1 Bc8 31. c4 Rxa6 32. cxd5 Rxa1 33. Rxa1 cxd5 34.
Ra8 Rc6 35. b5 Rc2 36. Bd8 d4 37. Bxb6 d3 38. Be3 Kf7 39. b6 Ke6 40. Ra3 d2 41.
Rd3 Rb2 42. Rxd2 Rxd2 43. Bxd2 Bb7 44. g4 g6 45. Kg3 Bc6 46. Kf4 Bb7 47. Kg5 Kf7
48. f4 1-0

[Event "Czech Open A 2013"]
[Site "Pardubice CZE"]
[Date "2013.07.26"]
[Round "8.14"]
[White "Semcesen,D"]
[Black "Teske,H"]
[Result "1/2-1/2"]
[WhiteElo "2447"]
[BlackElo "2517"]
[EventDate "2013.07.19"]

1. d4 d5 2. c4 c6 3. Nf3 Nf6 4. Nc3 dxc4 5. a4 Bf5 6. e3 e6 7. Bxc4 Bb4 8. O-O
Nbd7 9. Nh4 O-O 10. h3 Nb6 11. Bb3 Nbd5 12. Nxf5 exf5 13. Qc2 g6 14. Bd2 a5 15.
Rad1 Re8 16. Nxd5 Nxd5 17. Bxd5 Qxd5 18. Bxb4 axb4 19. b3 Re4 20. Rd3 f4 21.
exf4 Rxd4 22. Rfd1 Rxd3 1/2-1/2

[Event "Czech Open A 2013"]
[Site "Pardubice CZE"]
[Date "2013.07.26"]
[Round "8.15"]
[White "Kanovsky,D"]
[Black "Geller,J"]
[Result "1/2-1/2"]
[WhiteElo "2389"]
[BlackElo "2549"]
[EventDate "2013.07.19"]

1. e4 c5 2. Nf3 d6 3. d4 cxd4 4. Nxd4 Nf6 5. Nc3 g6 6. Be3 Bg7 7. f3 Nc6 8. Qd2
O-O 9. O-O-O d5 10. Kb1 Nxd4 11. e5 Nf5 12. exf6 exf6 13. Bc5 d4 14. Bxf8 Qxf8
15. Nb5 Ne3 16. Rc1 Bh6 17. Qxd4 Nf5 18. Qf2 Be3 19. Qe1 Bxc1 20. Qxc1 Bd7 21.
Nc3 Re8 22. Bd3 Qd6 23. Ne4 Qb6 24. h4 Ne3 25. g4 f5 26. gxf5 Bxf5 27. h5 Bxe4
28. Bxe4 f5 29. Bd3 Kg7 30. Qd2 Qd4 31. hxg6 hxg6 32. Qh2 Kf6 33. a3 a6 34. Qh7
Qd5 35. Qh4+ Kg7 36. Qh6+ Kf6 37. Qh4+ 1/2-1/2

[Event "Czech Open A 2013"]
[Site "Pardubice CZE"]
[Date "2013.07.26"]
[Round "8.16"]
[White "Nabaty,T"]
[Black "Jansa,Vl"]
[Result "1-0"]
[WhiteElo "2586"]
[BlackElo "2442"]
[EventDate "2013.07.19"]

1. Nf3 g6 2. e4 Bg7 3. d4 d6 4. Bc4 Nf6 5. Qe2 O-O 6. O-O Bg4 7. h3 Bxf3 8. Qxf3
Nc6 9. c3 e5 10. Rd1 Qe7 11. d5 Nb8 12. Bd3 Nbd7 13. c4 Ne8 14. Nc3 Bf6 15. Bh6
Bg7 16. Be3 Bf6 17. Bh6 Bg7 18. Bd2 Bf6 19. Qg4 h5 20. Qg3 h4 21. Qe3 Ng7 22. g4
Qd8 23. b4 Be7 24. Kh1 Nf6 25. Rg1 Nh7 26. g5 a5 27. b5 Nh5 28. Ne2 c6 29. Rg4
cxb5 30. cxb5 Re8 31. Rag1 Bf8 32. Rxh4 Nf4 33. Nxf4 exf4 34. Rxf4 Bg7 35. h4
Rc8 36. h5 gxh5 37. Rh4 Nf8 38. Rxh5 Rc5 39. Qh3 Qc7 40. f4 Rc2 41. Bxa5 Qxa5
42. Bxc2 Qxa2 43. Qb3 Qa5 44. e5 Rc8 45. Rh3 Qd2 46. Bf5 Rc1 47. Rf3 dxe5 48.
Qd3 Rxg1+ 49. Kxg1 Qc1+ 50. Kg2 exf4 51. d6 Qb2+ 52. Rf2 f3+ 53. Kxf3 1-0

[Event "Czech Open A 2013"]
[Site "Pardubice CZE"]
[Date "2013.07.26"]
[Round "8.17"]
[White "Smith,Bry"]
[Black "Vorobiov,E"]
[Result "0-1"]
[WhiteElo "2456"]
[BlackElo "2585"]
[EventDate "2013.07.19"]

1. e4 c5 2. Nf3 e6 3. d4 cxd4 4. Nxd4 a6 5. Nc3 b5 6. Bd3 Bb7 7. O-O Nc6 8. Nxc6
Bxc6 9. a4 b4 10. Nb1 Bc5 11. Nd2 Ne7 12. Qe2 a5 13. b3 Ng6 14. Bb2 O-O 15. Qh5
d6 16. Rad1 Nf4 17. Qg4 e5 18. Nc4 Qe7 19. Rfe1 h5 20. Qg3 h4 21. Qg4 Bd7 22.
Qf3 Qg5 23. Ne3 Bxe3 24. fxe3 Nxd3 25. Rxd3 Bg4 26. Qf2 Ra6 27. Qd2 Qg6 28. c3
h3 29. cxb4 axb4 30. Qxb4 Bf3 31. g3 Bxe4 32. Rd2 Rc6 33. Qb5 Rfc8 34. Qf1 Rc2
35. Red1 Qg4 36. Bc1 Bb7 0-1

[Event "Czech Open A 2013"]
[Site "Pardubice CZE"]
[Date "2013.07.26"]
[Round "8.18"]
[White "Sundararajan,K"]
[Black "Piorun,K"]
[Result "1/2-1/2"]
[WhiteElo "2435"]
[BlackElo "2566"]
[EventDate "2013.07.19"]

1. d4 Nf6 2. c4 e6 3. Nc3 Bb4 4. e3 O-O 5. Bd3 c5 6. Nf3 d5 7. O-O Nc6 8. cxd5
exd5 9. dxc5 Bxc5 10. h3 Qe7 11. b3 Rd8 12. Bb2 Ne4 13. Ne2 Bf5 14. Ned4 Nxd4
15. Nxd4 Bg6 16. Rc1 Bb6 17. Rc2 Rac8 18. Rxc8 Rxc8 19. Qg4 Rd8 20. Nf5 Qe6 21.
Bxe4 Qxe4 22. Qxe4 dxe4 23. Ne7+ Kf8 24. Nxg6+ hxg6 25. Rc1 f5 26. Be5 Kf7 27.
h4 Rd2 28. Bc7 Bxc7 29. Rxc7+ Kg8 30. a4 b6 31. b4 Ra2 32. Rxa7 b5 33. a5 Ra4
34. Rb7 Rxb4 35. a6 Ra4 36. a7 Ra1+ 37. Kh2 Kh7 38. Kg3 Ra2 39. f3 exf3 40. gxf3
b4 41. e4 fxe4 42. fxe4 b3 43. e5 b2 44. Rxb2 Rxa7 45. e6 Ra6 46. Re2 Ra8 47.
Kf4 Kg8 48. Kg5 Kf8 49. Kxg6 Ra4 50. h5 Rg4+ 51. Kf5 Rg1 52. Rd2 Ke7 53. Rd7+
Ke8 54. Ra7 Rf1+ 55. Ke5 Re1+ 56. Kf5 Rf1+ 57. Kg6 Rg1+ 58. Kh7 Rg5 59. Rxg7
Rxh5+ 1/2-1/2

[Event "Czech Open A 2013"]
[Site "Pardubice CZE"]
[Date "2013.07.26"]
[Round "8.20"]
[White "Krejci,Jan2"]
[Black "Rzayev,B"]
[Result "1-0"]
[WhiteElo "2521"]
[BlackElo "2429"]
[EventDate "2013.07.19"]

1. d4 d5 2. c4 e6 3. Nc3 Nf6 4. cxd5 exd5 5. Bg5 Nbd7 6. e3 Bb4 7. Bd3 c5 8. Ne2
c4 9. Bc2 h6 10. Bh4 O-O 11. O-O Nb6 12. f3 Be7 13. Bf2 Ne8 14. a4 a5 15. Ng3 f5
16. b3 Be6 17. Rb1 Rc8 18. Nce2 Bb4 19. Nf4 Qd6 20. Nxe6 Qxe6 21. e4 fxe4 22.
fxe4 Nf6 23. bxc4 Nxc4 24. exd5 Nxd5 25. Qd3 g6 26. Bb3 Nf4 27. Qc2 Kh7 28. Rbc1
Qd5 29. Ne4 Qf5 30. Bxc4 Rxc4 31. Nf6+ Qxf6 32. Qxc4 Qe7 33. Rc2 Qe4 34. Bg3
Qe3+ 35. Kh1 Bd6 36. Rcf2 g5 37. Bxf4 gxf4 38. Qd5 Qe7 39. Qxa5 f3 40. Rxf3 Qh4
41. h3 1-0

[Event "Czech Open A 2013"]
[Site "Pardubice CZE"]
[Date "2013.07.26"]
[Round "8.21"]
[White "Gretarsson,Hj"]
[Black "Vyskocil,N"]
[Result "1/2-1/2"]
[WhiteElo "2511"]
[BlackElo "2374"]
[EventDate "2013.07.19"]

1. d4 Nf6 2. c4 e6 3. Nf3 b6 4. a3 c5 5. Nc3 cxd4 6. Nxd4 a6 7. e4 d6 8. g3 Bb7
9. Bg2 Nbd7 10. b3 Qc7 11. Bb2 Be7 12. O-O O-O 13. Re1 Rfe8 14. h3 Nf8 15. Rc1
Ng6 16. Qd2 Rac8 17. f4 Bf8 18. Nc2 h5 19. Rf1 Red8 20. Ne3 Qb8 21. h4 Bc6 22.
Rcd1 b5 23. cxb5 axb5 24. b4 d5 25. exd5 Ne7 26. Qf2 Nexd5 27. Nexd5 Nxd5 28.
Ne4 Ne7 29. Be5 Qa8 30. Nd6 Bxg2 31. Nxc8 Rxc8 32. Qxg2 Qxa3 33. Rb1 Nf5 34. Qf3
Bxb4 35. Qxa3 Bxa3 36. Rxb5 Rc2 37. Rf3 Bc5+ 38. Kf1 Be3 39. Rb3 Bd4 40. Bxd4
Nxd4 41. Rfc3 Ra2 42. Ra3 Rb2 43. Ra4 Nf5 44. Re4 Kh7 45. Re2 Rb1+ 46. Kg2 Kg6
47. Rd3 Ra1 48. Rb2 Rc1 49. Rbd2 1/2-1/2